000 00305nam a2200133Ia 4500
008 191201s2011 xx 000 0 und d
100 _aHAN, Jiawei
245 0 _aData Mining Concepts and Techniques
250 _aRep
260 _c2011
_bPHI
_aN. delhi
300 _a770
650 _aIT
942 _2ddc
_cBB
999 _c7416
_d7416